Irwin Law The Law of Contracts (First Edition) /

Detalles Bibliográficos
Autor principal: D. McCamus, John
Formato: eBook
Lenguaje:inglés
Publicado: Toronto: Irwin Law Inc., 2005
Edición:First Edition
Materias:
Acceso en línea:Acceso restringido

MARC

LEADER 00000nam a22000007a 4500
005 20171102182424.0
007 cr|||| ||||
008 171102s2005 xxc|||||s|||| 00||0 eng d
020 |a 1-55221-018-9 
035 |a 20651 
040 |a vLex 
090 |c 7191  |d 7191 
100 1 |a D. McCamus, John 
245 1 0 |a Irwin Law  |h [Recurso electrn̤ico] :  |b The Law of Contracts (First Edition) /  |c ohn D. McCamus (Professor of Law. Osgoode Hall Law School, York University)  
250 |a First Edition 
256 |a Servicio en ln̕ea 
260 |a Toronto:  |b Irwin Law Inc.,  |c 2005 
300 |a 1 recurso electrn̤ico 
506 1 |a Disponible solo en los productos indicados  |d vLex Global  |d vLex Global (Academic Edition, excluding Law Schools)  |d vLex Global (U.S. Academic Edition, Law Schools)  |d vLex Global (U.S. Academic Edition, excluding Law Schools)  |d vLex Global (Academic Edition, Law Schools) 
650 0 4 |a Obligaciones y Contratos  |z Canad̀ 
740 0 |a vLex Libros (Servicio en ln̕ea) 
856 4 0 |u http://vlex.com/source/law-contracts-20651  |z Acceso restringido 
942 |c BOOK 
999 0 |a Contracts